=LDR 00000nam 2200000 4500 =001 INLIS000000000049152 =005 20170125140213.0 =006 =007 =008 =020 ##$$a 978-602-8945-08-0 =035 ##$$0010-011700000000433 =040 ##$$a NBPDMAT =082 ##$$a 297 .51 =090 ##$$a 297 .51 Rag m =100 ##$$a Raghib As - Sirjani =245 ##$$a Mereka di zalimi tapi di sayang nabi : potret indah kasih sayang nabi muhammad kepada kaum Dhu,afa / $c Dr. Raghib As - Sirjani ; Penerjemah Umar Mujtahid, Lc ; editor abu Afifah , Mustana Abdul Qohhar =260 ##$$a Solo : $b Murtazam, $c 2013 =300 ##$$a 312 hlm . ; $c 21 cm =500 ##$$a Bibliografi : hlm .301-309 =500 ##$$a Biografi : hlm .310-312 =500 ##$$a Abu Afifah =500 ##$$a Mutsanna Abdul Qohhar =650 ##$$a Akhlak =700 ##$$a Umar Mujtahid